Normal view
MARC view
- Abraham , Henry J
Entry Personal Name
001 - CONTROL NUMBER
- control field: 134020
003 - CONTROL NUMBER IDENTIFIER
- control field: NUST
005 - DATE AND TIME OF LATEST TRANSACTION
- control field: 20260409124408.0
008 - FIXED-LENGTH DATA ELEMENTS
- fixed length control field: 260409|| aca||aabn | a|a d
040 ## - CATALOGING SOURCE
- Original cataloging agency: NUST
- Transcribing agency: NUST
100 ## - HEADING--PERSONAL NAME
- Personal name: Abraham , Henry J
670 ## - SOURCE DATA FOUND
- Source citation: Work cat.: (NUST): Abraham , Henry J., Freedom and the court : civil rights and liberties in the United States /, 1967.
